000 00390nam a2200145Ia 4500
008 150201s2007 xx 000 0 und d
082 _a617.601
_bE2007S
100 _aSOBE PETER
245 _aESSENTIAL OF PREVENTIVE & COMMUNITY DENTISTRY
250 _a3RD
260 _bARYA PUBLICATION
_aDELHI
_c2007
300 _a1-814
650 _aPREVENTIVE AND COMMUNITY DENTISTRY
942 _2ddc
_cBK
999 _c3814
_d3814